The Reports (1880-81 vol.6): Cases determined by the Queen's Bench Division and by the Common pleas and exchequer divisions of the high court of justice,and by the court of appeal on appeal therefrom, and by the court for crown cases reserved. / (Record no. 6669)

MARC details
000 -LEADER
fixed length control field 00724nam a22001577a 4500
008 - FIXED-LENGTH DATA ELEMENTS--GENERAL INFORMATION
fixed length control field 180815b xxu||||| |||| 00| 0 eng d
020 ## - INTERNATIONAL STANDARD BOOK NUMBER
International Standard Book Number 0406091412
050 ## - LIBRARY OF CONGRESS CALL NUMBER
Classification number KD277.7.L39( 1880-8111)
245 ## - TITLE STATEMENT
Title The Reports (1880-81 vol.6): Cases determined by the Queen's Bench Division and by the Common pleas and exchequer divisions of the high court of justice,and by the court of appeal on appeal therefrom, and by the court for crown cases reserved. /
Statement of responsibility, etc. Edited by : James Redfoord Bulwer, Q.C.
260 ## - PUBLICATION, DISTRIBUTION, ETC.
Place of publication, distribution, etc. London:
Name of publisher, distributor, etc. Butterworth and Co LTD.
Date of publication, distribution, etc. 1881.
300 ## - PHYSICAL DESCRIPTION
Extent xxi,718p. :
Dimensions 24cm.
440 ## - SERIES STATEMENT/ADDED ENTRY--TITLE
Name of part/section of a work Queen's Bench Division.
Volume/sequential designation vol.6.
700 ## - ADDED ENTRY--PERSONAL NAME
Personal name Bulwer, James Redfoord
800 ## - SERIES ADDED ENTRY--PERSONAL NAME
Personal name James Redfoord Bulwer, Q.C.
942 ## - ADDED ENTRY ELEMENTS (KOHA)
Source of classification or shelving scheme Library of Congress Classification
Koha item type Books
Holdings
Withdrawn status Lost status Source of classification or shelving scheme Damaged status Not for loan Home library Current library Shelving location Date acquired Total Checkouts Full call number Barcode Date last seen Copy number Price effective from Koha item type
    Library of Congress Classification     WISCONSIN INTERNATIONAL UNIVERSITY COLLEGE, GHANA - MAIN LIBRARY WISCONSIN INTERNATIONAL UNIVERSITY COLLEGE, GHANA - MAIN LIBRARY Law Library 15/08/2018   KD277.7.L39( 1880-8111) 1842/829/14 15/08/2018 1 15/08/2018 Books

If you have any concerns or questions; kindly contact the library


© Powered by WIUC ICT DIRECTORATE